Loading...
Elementary statistical methods: in psychology and education
| Main Author: | |
|---|---|
| Other Authors: | , |
| Format: | Printed Book |
| Language: | Undetermined English |
| Published: |
Calcutta
Oxford Book company
1960
|
| Subjects: |
| LEADER | 00618nam a2200193Ia 4500 | ||
|---|---|---|---|
| 008 | 140306s9999 xx 000 0 und d | ||
| 041 | |a eng | ||
| 082 | |a 519 |b BLO/EL | ||
| 100 | |a Blommers, P | ||
| 700 | |a l | ||
| 700 | |a Lindquist, E F | ||
| 245 | |a Elementary statistical methods: in psychology and education | ||
| 260 | |a Calcutta |b Oxford Book company |c 1960 | ||
| 300 | |a 200 | ||
| 650 | |a Correlation | ||
| 650 | |a Linear Regression | ||
| 942 | |2 ddc |c BK | ||
| 999 | |c 119025 |d 119025 | ||
| 952 | |0 0 |1 0 |2 ddc |4 0 |6 519_000000000000000_BLOEL |7 0 |9 118103 |a KAUHCV |b KAUHCV |d 2004-05-04 |o 519 BLO/EL |p KAU_HCV-8324 |r 2014-03-22 |w 2014-03-22 |y BK | ||